00692nam a2200181 4500001000700000003000900007005001700016007000300033008004100036100003300077245009200110260006000202300003500262700004000297852003200337999001900369952012200388148206ES-MaACL20230906202507.0t|070214s1969 sp r ||||1| spa d1 aStokes, William Lee.910827910aHistoria de la Tierra / cWilliam Lee Stokes ; versión... Federico Portillo García. aMadrid : bAguilar, c[1969] (fSelecciones Gráficas) aXVI, 575 p. : bil. ; c25 cm.1 aPortillo García, Federico.993266 aES-MaACLjC-37834 bR.72258 c148206d148206 00104070aATENEOMbATENEOMcDEPO2d2008-01-17eSCl0oC-37834p1154668r2023-02-23 00:00:00w2023-02-23yMONOGRAFIA